000 00460nmm a2200169Ia 4500
008 251105s9999||||xx |||||||||||||||||und||
020 _a9788415952893
041 _aspa
100 _aAmarillo, Noelia
245 0 _aEl origen del deseo
264 _a[Madrid, España] :
_bTerciopelo,
_c2013
300 _a114 páginas
490 _aCrónicas del Templo
650 _aErotic novel
856 _uhttps://public.digitaliapublishing.com/a/32513
942 _cCF
999 _c77162
_d77162